अद्वैत (Record no. 1262666)

MARC details
000 -LEADER
fixed length control field 00570nam a2200193Ia 4500
008 - FIXED-LENGTH DATA ELEMENTS--GENERAL INFORMATION
fixed length control field 151121s9999||||xx |||||||||||||| ||und||
082 ## - DEWEY DECIMAL CLASSIFICATION NUMBER
Classification number 811/रणपि
082 ## - DEWEY DECIMAL CLASSIFICATION NUMBER
Item number HNW-113568
100 ## - MAIN ENTRY--PERSONAL NAME
Personal name रणपिसे मनोहर
245 ## - TITLE STATEMENT
Title अद्वैत
260 ## - PUBLICATION, DISTRIBUTION, ETC. (IMPRINT)
Name of publisher, distributor, etc "संवेदना प्रकाशन,पुणे।"
260 ## - PUBLICATION, DISTRIBUTION, ETC. (IMPRINT)
Date of publication, distribution, etc 2011
300 ## - PHYSICAL DESCRIPTION
Extent 127
600 ## - SUBJECT ADDED ENTRY--PERSONAL NAME
Personal name रणपिसे मनोहर
630 ## - SUBJECT ADDED ENTRY--UNIFORM TITLE
Uniform title अद्वैत
700 ## - ADDED ENTRY--PERSONAL NAME
Personal name रणपिसे मनोहर
730 ## - ADDED ENTRY--UNIFORM TITLE
Uniform title अद्वैत
942 ## - ADDED ENTRY ELEMENTS (KOHA)
Koha item type Book
Holdings
Withdrawn status Lost status Damaged status Not for loan Home library Current library Date acquired Cost, normal purchase price Total Checkouts Full call number Barcode Date last seen Cost, replacement price Price effective from Koha item type
        Hirachand Nemchand Wachanalaya, Solapur Hirachand Nemchand Wachanalaya, Solapur 11/22/2013 125.00   HNW-113568 HNW-113568 11/21/2015 125.00 11/21/2015 Book